000 00602nam a2200241Ia 4500
003 OSt
005 20221005081527.0
006 a|||||r|||| 00| 0
007 ta
008 221004b |||||||| |||| 00| 0 eng d
024 _a54615
037 _cTextual
040 _aCRL
_cCRL
_beng
041 _2eng
_aeng
082 _aV2y7M69, M7
100 _aBakshi S R
245 0 _aGandhi and ideology of Swadeshi
260 _aNew Delhi
_bReliance
_c1987
300 _a191p.
_ccm.
650 _aHISTORY
942 _hV2y7M69, M7
_cTEXL
_2cc
999 _c987817
_d987817